<?xml version="1.0" encoding="UTF-8"?>
<record
    xmlns:xsi="http://www.w3.org/2001/XMLSchema-instance"
    xsi:schemaLocation="http://www.loc.gov/MARC21/slim http://www.loc.gov/standards/marcxml/schema/MARC21slim.xsd"
    xmlns="http://www.loc.gov/MARC21/slim">

  <leader>02829nam a2200289Ia 4500</leader>
  <controlfield tag="003">gtgcusco</controlfield>
  <controlfield tag="005">20251027090743.0</controlfield>
  <controlfield tag="008">250923t2023||||xx |||||||||||||| ||spa||</controlfield>
  <datafield tag="040" ind1=" " ind2=" ">
    <subfield code="a">gtgcusco</subfield>
    <subfield code="b">spa</subfield>
    <subfield code="c">gtgcusco</subfield>
    <subfield code="d">gtgcusco</subfield>
  </datafield>
  <datafield tag="041" ind1=" " ind2=" ">
    <subfield code="a">spa</subfield>
  </datafield>
  <datafield tag="084" ind1=" " ind2=" ">
    <subfield code="a">EPS847</subfield>
  </datafield>
  <datafield tag="100" ind1=" " ind2=" ">
    <subfield code="a">Zabala Ram&#xED;rez, Andr&#xE9;s Isaac</subfield>
    <subfield code="9">17996</subfield>
  </datafield>
  <datafield tag="245" ind1=" " ind2="0">
    <subfield code="a">Informe final del programa Ejercicio Profesional Supervisado realizado en cl&#xED;nica del Orfanato Valle de los &#xC1;ngeles, finca el Pult&#xE9;, ciudad de Guatemala, Guatemala /</subfield>
    <subfield code="c">Andr&#xE9;s Isaac Zabala Ramirez. --</subfield>
  </datafield>
  <datafield tag="260" ind1=" " ind2=" ">
    <subfield code="a">Guatemala :</subfield>
    <subfield code="b">USAC,</subfield>
    <subfield code="c">2023.</subfield>
  </datafield>
  <datafield tag="300" ind1=" " ind2=" ">
    <subfield code="b">il. :</subfield>
    <subfield code="c">45 cm.</subfield>
  </datafield>
  <datafield tag="336" ind1=" " ind2=" ">
    <subfield code="a">archivo de datos para computadora</subfield>
    <subfield code="b">codt</subfield>
    <subfield code="2">rdacontenido</subfield>
  </datafield>
  <datafield tag="337" ind1=" " ind2=" ">
    <subfield code="a">computadora</subfield>
    <subfield code="b">c</subfield>
    <subfield code="2">rdamedio</subfield>
  </datafield>
  <datafield tag="338" ind1=" " ind2=" ">
    <subfield code="a">en l&#xED;nea</subfield>
    <subfield code="b">cr</subfield>
    <subfield code="2">rdasoporte</subfield>
  </datafield>
  <datafield tag="502" ind1=" " ind2=" ">
    <subfield code="a">Ejercicio Profesional Supervisado (Cirujano Dentista) -- Universidad de San Carlos de Guatemala, Facultad de Odontolog&#xED;a. --</subfield>
  </datafield>
  <datafield tag="520" ind1=" " ind2=" ">
    <subfield code="a"> El objetivo general del Programa Ejercicio Profesional Supervisado consiste en &#x201C;realizar una pr&#xE1;ctica docente asistencial que le permita al estudiante, adquirir la capacidad necesaria para ejercer su profesi&#xF3;n, considerando los condicionantes y determinantes sociales del proceso salud enfermedad bucal desde el punto de vista cient&#xED;fico, t&#xE9;cnico, &#xE9;tico y cultural&#x201D;, siendo esta la fase final. Se conforma de seis cursos: 1. Administraci&#xF3;n de Consultorio, en el que se pretende que el estudiante se desenvuelva en un ambiente cl&#xED;nico-laboral distinto. 2. Actividad Cl&#xED;nica Integrada, que busca la atenci&#xF3;n integral a pacientes escolares. 3. Investigaci&#xF3;n &#xDA;nica en el Programa EPS, en la que se recaba informaci&#xF3;n referente a alg&#xFA;n tema de salud bucal con el fin de aportar datos a una investigaci&#xF3;n, para describir y conocer caracter&#xED;sticas en la poblaci&#xF3;n guatemalteca. 4. Seminario Regional y Educaci&#xF3;n a Distancia, que tiene por objetivo generar conocimiento a trav&#xE9;s de la revisi&#xF3;n y discusi&#xF3;n de art&#xED;culos cient&#xED;ficos relacionados a salud bucal, patolog&#xED;as, prevenci&#xF3;n, entre otros t&#xF3;picos, as&#xED; como el intercambio de experiencias con los dem&#xE1;s estudiantes en sus distintas comunidades en el interior del pa&#xED;s. 5. Prevenci&#xF3;n de Enfermedades Bucales, en el que se ejecutan tres ejes de acci&#xF3;n para inferir positivamente en la salud de la poblaci&#xF3;n objetivo de cada comunidad.6. Actividades Comunitarias, que busca realizar un proyecto que beneficie a la comunidad local seg&#xFA;n las necesidades espec&#xED;ficas de esta.</subfield>
  </datafield>
  <datafield tag="650" ind1="0" ind2="2">
    <subfield code="a"> Planificaci&#xF3;n en salud </subfield>
    <subfield code="9">3129</subfield>
  </datafield>
  <datafield tag="650" ind1="0" ind2="2">
    <subfield code="a">Servicios de salud para la comunidad </subfield>
    <subfield code="9">3748</subfield>
  </datafield>
  <datafield tag="650" ind1="0" ind2="2">
    <subfield code="a">Medicina socializada </subfield>
  </datafield>
  <datafield tag="650" ind1="0" ind2="2">
    <subfield code="a">Administraci&#xF3;n de la pr&#xE1;ctica odontol&#xF3;gica</subfield>
    <subfield code="9">653</subfield>
  </datafield>
  <datafield tag="856" ind1=" " ind2=" ">
    <subfield code="u">http://www.repositorio.usac.edu.gt/id/eprint/19355</subfield>
    <subfield code="z">Texto completo</subfield>
  </datafield>
  <datafield tag="942" ind1=" " ind2=" ">
    <subfield code="a">Biblioteca Facultad de Odontolog&#xED;a</subfield>
    <subfield code="c">EPS</subfield>
    <subfield code="k">EPS847</subfield>
    <subfield code="n">0</subfield>
    <subfield code="2">ddc</subfield>
  </datafield>
  <datafield tag="999" ind1=" " ind2=" ">
    <subfield code="c">9198</subfield>
    <subfield code="d">9198</subfield>
  </datafield>
  <datafield tag="952" ind1=" " ind2=" ">
    <subfield code="0">0</subfield>
    <subfield code="1">0</subfield>
    <subfield code="2">ddc</subfield>
    <subfield code="4">0</subfield>
    <subfield code="7">0</subfield>
    <subfield code="a">ODONTO</subfield>
    <subfield code="b">ODONTO</subfield>
    <subfield code="d">2021-10-14</subfield>
    <subfield code="e">Graduandos</subfield>
    <subfield code="g">50.00</subfield>
    <subfield code="i">10-H-s.n.</subfield>
    <subfield code="l">0</subfield>
    <subfield code="o">EPS 847</subfield>
    <subfield code="p">T00006336</subfield>
    <subfield code="r">2025-10-14 12:22:20</subfield>
    <subfield code="t">1</subfield>
    <subfield code="y">EPS</subfield>
    <subfield code="z">Pr&#xE9;stamo externo</subfield>
  </datafield>
</record>
